Maravillas : (Registro nro. 5336)
[ vista simple ]
| 000 -CABECERA | |
|---|---|
| Longitud fija campo de control | 01133nam a2200337 a 4500 |
| 003 - • IDENTIFICADOR DELl NÚMERO DE CONTROL | |
| Identificador del número de control | CO-ViMGA |
| 008 - • CÓDIGOS DE INFORMACIÓN DE LONGITUD FIJA | |
| Códigos de información de longitud fija | 141112s2004 ck r 000 u spa d |
| 020 ## - • NÚMERO INTERNACIONAL NORMALIZADO PARA LIBROS | |
| Número Internacional Normalizado para Libros (ISBN) | 9789587059502 |
| 040 ## - FUENTE DE LA CATALOGACIÓN | |
| Centro catalogador de origen | CO-ViMGA |
| Lengua de catalogación | spa |
| Centro transcriptor | CO-ViMGA |
| 041 ## - • CÓDIGO DE LENGUA | |
| Código de lengua del texto/banda sonora o título independiente | SPA |
| 100 1# - • PUNTO DE ACCESO PRINCIPAL-NOMBRE DE PERSONA | |
| Nombre de persona | Selznick, Brian, 1966 - |
| 245 10 - • TITULO PROPIAMENTE DICHO | |
| Título | Maravillas : |
| Resto del título | una novela contada con dibujos y palabras / |
| Mención de responsabilidad, etc. | Brian Selznick ; traducción Ana H. de Deza |
| 250 ## - • MENCIÓN DE EDICIÓN | |
| Mención de edición | 1a ed. |
| 300 ## - • DESCRIPCIÓN FÍSICA | |
| Extensión | 637 p. : il. byn. |
| 500 ## - • NOTA GENERAL | |
| Nota general | Título original : Wonderstruck. |
| 650 14 - • PUNTO DE ACCESO ADICIONAL DE MATERIA - TÉRMINO DE MATERIA | |
| Término de materia o nombre geográfico como elemento inicial | AMISTAD - NOVELA GRAFICA |
| 650 14 - • PUNTO DE ACCESO ADICIONAL DE MATERIA - TÉRMINO DE MATERIA | |
| Término de materia o nombre geográfico como elemento inicial | AUTORES ESTADOUNIDENSES |
| 650 14 - • PUNTO DE ACCESO ADICIONAL DE MATERIA - TÉRMINO DE MATERIA | |
| Término de materia o nombre geográfico como elemento inicial | HUERFANOS - NOVELA GRAFICA |
| 650 14 - • PUNTO DE ACCESO ADICIONAL DE MATERIA - TÉRMINO DE MATERIA | |
| Término de materia o nombre geográfico como elemento inicial | ILUSTRADORES ESTADOUNIDENSES |
| 650 14 - • PUNTO DE ACCESO ADICIONAL DE MATERIA - TÉRMINO DE MATERIA | |
| Término de materia o nombre geográfico como elemento inicial | ILUSTRADORES ESTADOUNIDENSES |
| 650 14 - • PUNTO DE ACCESO ADICIONAL DE MATERIA - TÉRMINO DE MATERIA | |
| Término de materia o nombre geográfico como elemento inicial | ILUSTRADORES ESTADOUNIDENSES |
| 650 14 - • PUNTO DE ACCESO ADICIONAL DE MATERIA - TÉRMINO DE MATERIA | |
| Término de materia o nombre geográfico como elemento inicial | ILUSTRADORES ESTADOUNIDENSES |
| 650 14 - • PUNTO DE ACCESO ADICIONAL DE MATERIA - TÉRMINO DE MATERIA | |
| Término de materia o nombre geográfico como elemento inicial | NIÑOS SORDOS - NOVELA GRAFICA |
| 650 14 - • PUNTO DE ACCESO ADICIONAL DE MATERIA - TÉRMINO DE MATERIA | |
| Término de materia o nombre geográfico como elemento inicial | NOVELA GRAFICA |
| 700 1# - • PUNTO DE ACCESO ADICIONAL - NOMBRE DE PERSONA | |
| Nombre de persona | de Deza, Ana H. |
| 700 1# - • PUNTO DE ACCESO ADICIONAL - NOMBRE DE PERSONA | |
| Nombre de persona | Selznick, Brian, 1966 - |
| 942 ## - ENTRADA DE ELEMENTOS AGREGADOS (KOHA) | |
| Fuente de clasificaión o esquema | Dewey Decimal Classification |
| Koha [por defecto] tipo de item | LIbro |
| Perdido | Fuente de clasificación o esquema | Estado Físico | No para préstamo | Forma de adquisición | Localización permanente | Localización actual | Localización en estanterías | Fecha adquisición | Préstamos totales | Signatura completa | Código de barras | Fecha última consulta | Número de copia | Fecha del precio de reemplazo | Tipo de item de Koha | Serie de enumeración / cronolog&íacute;a | Renovaciones totales | Fecha último préstamo | Número de registro |
|---|---|---|---|---|---|---|---|---|---|---|---|---|---|---|---|---|---|---|---|
| Dewey Decimal Classification | Colección General | Biblioteca Pública José Eustasio Rivera - San Martin | Biblioteca Pública José Eustasio Rivera - San Martin | Literatura | 06/26/2023 | N SEL2 | SM0001894 | 06/26/2023 | Ej.1 | 06/26/2023 | Libro Literatura | ||||||||
| Dewey Decimal Classification | Colección General | Biblioteca Pública Puerto López - Jorge Eliecer Gaitán | Biblioteca Pública Puerto López - Jorge Eliecer Gaitán | General | 10/07/2025 | N SEL2 | PLZ03202 | 10/07/2025 | Ej.1 | 10/07/2025 | Libro Literatura | ||||||||
| Dewey Decimal Classification | Colección General | Biblioteca Pública Puerto López - Jorge Eliecer Gaitán | Biblioteca Pública Puerto López - Jorge Eliecer Gaitán | General | 10/21/2025 | N SEL2 | PLZ03542 | 10/21/2025 | Ej.1 | 10/21/2025 | Libro Literatura | ||||||||
| Dewey Decimal Classification | Sala General | Biblioteca Comunitaria - Villavicencio | Biblioteca Comunitaria - Villavicencio | 12/04/2015 | N SEL2 | 27063 | 12/04/2015 | Ej. 2 | 12/04/2015 | LIbro | 29/ago/2014 | ||||||||
| Dewey Decimal Classification | Colección General | Biblioteca Pública Barranca de Upia - María Dolores Herrera | Biblioteca Pública Barranca de Upia - María Dolores Herrera | Literatura | 09/15/2023 | N SEL2 | BUP00434 | 09/15/2023 | Ej.1 | 09/15/2023 | Libro Literatura | ||||||||
| Dewey Decimal Classification | Sala General Segundo Piso | Biblioteca Pública Germán Arciniegas - Villavicencio | Biblioteca Pública Germán Arciniegas - Villavicencio | 12/04/2015 | 3 | N SEL2 | 010544 | 09/21/2022 | Ej. 1 | 12/04/2015 | LIbro | 10/jul/2014 | 1 | 08/02/2018 | |||||
| Dewey Decimal Classification | Colección General | Biblioteca Pública La Macarena | Biblioteca Pública La Macarena | Literatura | 02/02/2024 | N SEL2 | LM00803 | 02/02/2024 | Ej.1 | 02/02/2024 | LIbro | ||||||||
| Dewey Decimal Classification | Sala General | Biblioteca Pública Mapiripan | Biblioteca Pública Mapiripan | Literatura | 01/17/2024 | N SEL2 | MAP00002218 | 01/17/2024 | Ej.1 | 01/17/2024 | LIbro | ||||||||
| Dewey Decimal Classification | Biblioteca Pública Mesetas - Franco lodo Poloxi | Biblioteca Pública Mesetas - Franco lodo Poloxi | Literatura | 10/07/2024 | N SEL2 | ME000295 | 10/07/2024 | Ej.1 | 10/07/2024 | LIbro | 9789587059502 | ||||||||
| Clasificación Local Facetada | Literatura General | Biblioteca Pública San Juanito - Ernesto Maria Peña Romero | Biblioteca Pública San Juanito - Ernesto Maria Peña Romero | Literatura | 02/23/2026 | N SEL2 | SJU02723 | 02/23/2026 | Ej.1 | 02/23/2026 | Libro Literatura | ||||||||
| Dewey Decimal Classification | Colección General | Biblioteca Pública Uribe - Reinerio Arenas | Biblioteca Pública Uribe - Reinerio Arenas | Literatura | 12/11/2024 | N SEL2 | URI01823 | 12/11/2024 | Ej.1 | 12/11/2024 | Libro Literatura |